|
|
|
|
| LEADER |
00000nab a2200000 a 4500 |
| 001 |
vtls000652029 |
| 003 |
SK-MaSNL |
| 005 |
20260304085237.0 |
| 008 |
250425c1997 xo 0 slo |
| 015 |
|
|
|a SNBRA1998/02-04275
|
| 035 |
|
|
|a CLN000004223
|
| 035 |
|
|
|a urn:nbn:sk:snk-abaivn
|
| 035 |
|
|
|a (urnnbn)urn:nbn:sk:snk:ar-007v6p
|
| 035 |
|
|
|a (uuid)f9b53f5f-175f-4c25-98f9-f26b50ecddd9
|
| 040 |
|
|
|a SNKBUCL
|b slo
|c SNKBUCL
|e AACR2
|
| 041 |
0 |
|
|a cze
|
| 044 |
|
|
|a xo
|c SK
|
| 080 |
|
|
|a 616.329-089
|2 1997
|
| 100 |
1 |
|
|a Neoral, Čestmír,
|d 1952-
|4 aut
|9 111592
|
| 245 |
1 |
0 |
|a Místo antirefluxního výkonu v terapii reflexní nemoci jícnu - diagnostický, terapeutický a indikační problém
|c Č. Neoral, R. Aujeský, V. Král
|
| 504 |
|
|
|a Res. angl., češ. Bibliogr. odkazy
|
| 650 |
0 |
7 |
|a pažerák
|2 SNKPH
|9 31367
|
| 650 |
0 |
7 |
|a chirurgia
|2 SNKPH
|9 2178
|
| 650 |
0 |
7 |
|a gastroezofageálny reflux
|2 SNKPH
|9 68045
|
| 655 |
|
7 |
|a články z novín a časopisov
|2 SNK
|9 267496
|
| 700 |
1 |
|
|a Aujeský, René,
|d 1957-
|4 aut
|9 238149
|
| 700 |
1 |
|
|a Král, V.
|4 aut
|9 457757
|
| 773 |
0 |
|
|t Česká a slovenská gastroenterologie
|g Roč. 51, č. 6 (1997), s. 207-209
|x 1210-7824
|
| 850 |
|
|
|a Slovenská národná knižnica
|
| 852 |
|
|
|a Slovenská národná knižnica
|
| 954 |
|
|
|a odborná, vedecká literatúra cudzojazyčná (svetová)
|2 lita
|
| 958 |
|
|
|a article14
|
| 958 |
|
|
|a NB
|
| 958 |
|
|
|a OND
|
| 958 |
|
|
|a EUIPO
|
| 999 |
|
|
|c 2807136
|d 2809066
|